000
00296nam a2200121Ia 4500
008
220217s9999||||xx |||||||||||||| ||und||
082
_a
004.65 CIS
100
_a
Cisco press
_9
3241
245
0
_a
Cisco networking
260
_a
Cisco press
_c
2000
300
_b
760
650
_a
COMPUTER NETWORK
999
_c
171239
_d
171239